| 000 | 00622nam a2200193 i 4500 | ||
|---|---|---|---|
| 001 | 141485 | ||
| 003 | ES-MaACL | ||
| 005 | 20250809063521.0 | ||
| 007 | t| | ||
| 008 | 070924s1964 sp ||||1| spa d | ||
| 100 | 1 |
_aVoillaume, René, _d1905-2003 _9115676 |
|
| 245 | 1 | 0 |
_aCartas a los hermanos _b: [lettres aux fraternités] / _cRené Voillaume ; traducción de Enrique Fernández Sanz. |
| 260 |
_aMadrid : _bMarova, _c1964. |
||
| 300 |
_a1 v. ; _c20 cm. |
||
| 610 | 2 | 4 |
_aHermanitos de Jesús. _9165897 |
| 700 | 1 |
_aFernández Sanz, Enrique. _950080 |
|
| 852 |
_aES-MaACL _jC-33814 |
||
| 999 |
_c141485 _d141485 |
||